000 00634nam a22002297i 4500
001 101
003 OSt
005 20170126082238.0
007 tu
008 161220s1991 xxu||||| |||| 00| 0 d
024 7 _a100
_2RID
040 _cOSt
084 _a19.30
_a19.91
_2z
100 1 _aAlexeev, Michael V.
245 0 0 _aTrends in Wage and Income Distribution under Gorbachev. Analysis of New Soviet Data
260 _aDurham :
_bWEFA Group,
_c1991.
300 _a31 S. ;
_c30cm.
490 _aBerkeley-Duke Occasional Papers on the Second Economy
_v25
651 _aSoviet Union
700 1 _aGaddy, Clifford G.
700 1 _aTreml, V.G.
_eEd.
942 _cB
999 _c101
_d101